| 000 | 00397pab a2200145 454500 | ||
|---|---|---|---|
| 008 | 180718b1986 xxu||||| |||| 00| 0 eng d | ||
| 100 | _aWhitaker Alan | ||
| 245 |
_aManagerial strategy and industrial relations _bA case study of plant relations |
||
| 260 | _c1986 | ||
| 300 | _a657-78 | ||
| 362 | _aNov. | ||
| 650 | _aLabour Relations | ||
| 773 | _aJournal of Management Studies | ||
| 909 | _a11920 | ||
| 999 |
_c11920 _d11920 |
||